000 00406nam a2200145 i 4500
001 78420
003 ES-MaACL
007 t|
008 041014s1984 sp ||||1| spa d
100 1 _aHaupold Gay, Augusto Carlos.
_962093
245 1 3 _aEl escritor y sus medios /
_cAugusto Carlos Haupold Gay.
260 _aMadrid :
_b[s.n.,
_c1984]
300 _a73 p. ;
_c21 cm.
852 _aES-MaACL
_jL-7828
_bR.108283
999 _c78420
_d78420